000 00899nam a2200241 4500
001 ESSALUD
007 ta
008 t pe ||||| |||| 00| 0 spa d
040 _aBMG
041 _aspa
100 _aCastañeda Cruzado, Manuel Stefan
_eautor
_948375
245 _aComentarios a la reforma de la sucesión intestada vía notarial y judicial mediante la Ley N° 32377
300 _apáginas 145-152
650 _aHERENCIA
_91215
650 _aDERECHO PROCESAL
_93876
650 _aLEGISLACIÓN
_9209
653 _aSUCESIÓN INTESTADA
653 _aOPOSICIÓN NOTARIAL
653 _aCÓDIGO PROCESAL CIVIL
700 _aMorales Okuyama, Luciana Miyuki
_eautor
_951633
773 0 _019945
_922508
_dLima Gaceta Jurídica Editores, 2013-
_oGACIV027
_tGaceta civil & procesal civil : información especializada para abogados y jueces
_wESSALUD
_x2305-3259
942 _cARTICULOS
_e2026-02-27
_zAFC
999 _c22231
_d22231